| 000 | 00506nam a2200145Ia 4500 | ||
|---|---|---|---|
| 008 | 200903s9999 xx 000 0 und d | ||
| 020 | _a978-981-485-393-4 | ||
| 100 | _aDowling, J. Malcolm | ||
| 245 |
_cJ. Malcolm Dowling,Ma. Rebecca Valenzuela, Jacqueline Murray Brux _aEconomic development/ |
||
| 260 |
_aSingapore: _bCengage Learning Asia Pte Ltd. _c2019 |
||
| 300 |
_axiii, 443 pages _c23 cm. |
||
| 500 | _aIncludes bibliographical references and index | ||
| 650 | _aEthics | ||
| 650 | _aMedical ethics | ||
| 999 |
_c364046 _d364046 |
||